Normal view
MARC view
- Narang, G B S .
Entry Personal Name
001 - CONTROL NUMBER
- control field: 314
003 - CONTROL NUMBER IDENTIFIER
- control field: OSt
005 - DATE AND TIME OF LATEST TRANSACTION
- control field: 20160608113835.0
008 - FIXED-LENGTH DATA ELEMENTS
- fixed length control field: 160608|| aca||aabn | a|a d
040 ## - CATALOGING SOURCE
- Original cataloging agency: OSt
- Transcribing agency: OSt
100 ## - HEADING--PERSONAL NAME
- Personal name: Narang, G B S .
670 ## - SOURCE DATA FOUND
- Source citation: Work cat.: (OSt)9748: Narang, G B S ., Automobile Engineering / , 1982.
